Meretezes kifaradasra a gepeszetben

Uložené v:
Podrobná bibliografia
Hlavný autor: ZSARY, A. (Author)
Médium: Kniha
Jazyk:Hungarian
Vydané: 1965
Tagy: Pridať tag
Žiadne tagy, Buďte prvý kto otaguje tento záznam!

MARC

LEADER 00000nam a2200000 a 4500
001 000129068
005 00000000000000.0
008 040101s1965 e huno
041 0 |a hun 
100 1 |a ZSARY, A.  |4 aut 
245 1 0 |a Meretezes kifaradasra a gepeszetben 
260 |c 1965 
500 |a Záznam neprešiel kontrolou 
910 |a svkkk 
998 |a BK 
090 |g SCKHL  |k Sklad Pribinova 1. posch.  |a IV0.5328  |i 129068-10  |s Absenčne